Ricardo Palma, 1833-1933 (Record no. 113959)

MARC details
000 -LEADER
campo de control de longitud fija 00633nam a2200181 4500
001 - NÚMERO DE CONTROL
campo de control 113959
003 - IDENTIFICADOR DE NÚMERO DE CONTROL
campo de control ES-MaACL
005 - FECHA Y HORA DE LA ÚLTIMA TRANSACCIÓN
campo de control 20251002201228.0
007 - CAMPO FIJO DE DESCRIPCIÓN FÍSICA--INFORMACIÓN GENERAL
campo de control de longitud fija t|
008 - DATOS DE LONGITUD FIJA--INFORMACIÓN GENERAL
campo de control de longitud fija 061121s1934 pe r ||||1| spa d
245 00 - MENCIÓN DEL TÍTULO
Título Ricardo Palma, 1833-1933
Resto del título : [recopilación de las producciones dedicadas al Centanario de su nacimiento /
Mención de responsabilidad, etc. por la Sociedad Amigos de Palma].
260 ## - PUBLICACIÓN, DISTRIBUCIÓN, ETC.
Lugar de publicación, distribución, etc. Lima :
Nombre del editor, distribuidor, etc. [s. n.],
Fecha de publicación, distribución, etc. 1934 (
Fabricante Comp. de Impresiones)
300 ## - DESCRIPCIÓN FÍSICA
Extensión 341 p. ;
Dimensiones 21 cm.
700 1# - ENTRADA AGREGADA--NOMBRE PERSONAL
Nombre de persona Palma, Ricardo,
Fechas asociadas al nombre 1833-1919
9 (RLIN) 88616
710 2# - ENTRADA AGREGADA--NOMBRE DE ENTIDAD CORPORATIVA
Nombre de entidad corporativa o nombre de jurisdicción como elemento de entrada Sociedad Amigos de Palma (Lima)
9 (RLIN) 6628
852 ## - LOCALIZACIÓN
Ubicación ES-MaACL
Número de control de estantería A-2512
Holdings
Estatus retirado Estado de pérdida Estado de daño No para préstamo Biblioteca de origen Biblioteca actual Ubicación en estantería Fecha de adquisición Fuente de adquisición Total de préstamos Signatura topográfica completa Código de barras Visto por última vez Precio de reemplazo Tipo de ítem Koha
        Biblioteca del Ateneo de Madrid Biblioteca del Ateneo de Madrid Sala Pecera Planta 1 17/01/2008     A-2512 1118847 23/02/2023 23/02/2023 Libro impreso